French kissing

Bibliographic Details
Main Author: Sanderson, Catherine
Format: Book
Published: London : Penguin , 2009
Subjects:

MARC

LEADER 00000cam a2200000 7i4500
001 0000004073
005 20160126.0
020 0 0 |a 9780141031248 
090 0 0 |a 823.92   |b CATH 
100 0 0 |a Sanderson, Catherine 
245 1 0 |a French kissing   |c Catherine Sanderson 
260 0 0 |a London :   |b Penguin ,   |c 2009 
300 |a 364 p. ;   |c 20cm. 
650 0 0 |a English fiction 
998 |a JPSM 
999 |a 007883   |b Monograph   |c Open Shelf   |e Default branch